| 000 | 00631nam a2200217 a 4500 | ||
|---|---|---|---|
| 005 | 20230526063534.0 | ||
| 008 | 160824s2013 ag r 000 0 spa d | ||
| 020 | _a9789876012058 | ||
| 035 | _aUPN01000212547 | ||
| 049 | _aCG | ||
| 050 | 4 |
_aHQ1178 _bI5.7 |
|
| 245 | 0 | 0 |
_aInternet en código femenino : _bteorías y prácticas / _ccoord. Graciela Natansohn. |
| 260 |
_aBuenos Aires : _bLa Crujía, _c2013. |
||
| 300 | _a151 p. | ||
| 440 | 0 | _aFuturibles | |
| 650 | 4 |
_aINTERNET Y MUJERES _923365 |
|
| 650 | 4 |
_aInternet _xAspectos sociales _96033 |
|
| 700 | 1 |
_aNatansohn, Graciela, _ecoord. |
|
| 905 | _aLibro | ||
| 999 |
_c184647 _d184647 |
||